| 000 | 00674nam a2200217 a 4500 | ||
|---|---|---|---|
| 001 | 000031398 | ||
| 003 | OSt | ||
| 005 | 20201105114640.0 | ||
| 008 | 110620s1929 dr 000 | spa d | ||
| 040 |
_aDO-SdBNP _bspa _cBNPHU |
||
| 082 | 4 |
_a980.1 _bM958e |
|
| 100 | 1 |
_aMuller, Richard _953871 |
|
| 245 | 1 | 0 |
_aEstudios etnológicos sobre los Aborígenes de los Andes Ecuatoriales / _cRichard Muller. |
| 260 |
_aSanto Domingo : _bMontalvo, _c1929. |
||
| 300 |
_a57 p. ; _c18 cm. |
||
| 590 | _aInventariado, 2018/LP | ||
| 650 | 4 |
_aEtnología _zEcuador _976978 |
|
| 650 | 4 |
_aÍndios de Ecuador _xHistoria _976979 |
|
| 910 | _aValidado. Control de calidad MFF | ||
| 942 |
_2ddc _cLF1 |
||
| 999 |
_c30890 _d30890 |
||